000 01080cam a2200337 a 4500
999 _c129343
_d129343
001 3366332
003 ARRUPE
005 20190401103350.0
008 870205s1987 nyu b 001 0 eng c
010 _a 87002346
020 _a0306423413
040 _aDNLM/DLC
_cDLC
_dDLC
050 0 0 _aRC480.55
_b.S55 1987
060 _aWM 420 S573sb
082 0 0 _a616.89/14
_219
100 1 _aSifneos, Peter E.
_q(Peter Emanuel),
_d1920-
_945662
245 1 0 _aShort-term dynamic psychotherapy :
_bevaluation and technique /
_cPeter E. Sifneos.
250 _a2nd ed.
260 _aNew York :
_bPlenum Medical Book Co.,
_cc1987.
300 _axxiii, 324 p. ;
_c24 cm.
440 0 _aTopics in general psychiatry
_945663
500 _aIncludes index.
504 _aBibliography: p. 311-313.
650 0 _aBrief psychotherapy.
_945409
650 0 _aPsychoanalysis.
_945664
650 0 _aAnxiety.
_919141
650 2 _aAnxiety.
_919141
650 2 _aInterview, Psychological.
_945665
650 2 _aPsychotherapy, Brief.
_945666
906 _a7
_bcbc
_corignew
_d1
_eocip
_f19
_gy-gencatlg
942 _2lcc
_cMONOGRAPH